000 00372nam a2200145Ia 4500
008 240624s9999 xx 000 0 und d
041 _aeng
082 _a658.1 GAU
100 _aGAUGHAN PATRICK A
245 _aMERGERS ACQUISITIONS AND CORPORATE RESTR
250 _a(5th ed.)
260 _c2014
_aNew Delhi
_bWiley
300 _axvi, : 655 : p. : cm. ; 23
365 _cRS
999 _c28024
_d28024